00476nam a2200193 a 4500001001300000003000900013005001700022008004100039020001000080082001700090100003000107245001200137260001900149300000900168500003500177505001600212650002400228700003000252nice12345678IN_TiNIC20260116011353.0050524s1897 kana grp 000 0 per  ac10000a891.51bSAA3 aSaadi, Shaikh Muslehuddin aBoostan aKanpurbc1897 a308p aincludes index and biblioraphy2 aIndex, 145p aPersian Poetry-Rumi1 aSaadi, Shaikh Muslehuddin